<?xml version="1.0" encoding="UTF-8"?>
<record
    xmlns:xsi="http://www.w3.org/2001/XMLSchema-instance"
    xsi:schemaLocation="http://www.loc.gov/MARC21/slim http://www.loc.gov/standards/marcxml/schema/MARC21slim.xsd"
    xmlns="http://www.loc.gov/MARC21/slim">

  <leader>02393nab a2200325 i 4500</leader>
  <controlfield tag="003">BR-BrBNA</controlfield>
  <controlfield tag="005">20250328141628.0</controlfield>
  <controlfield tag="008">250328b2020    bl.ar|pooa||| 00| 0 eng |</controlfield>
  <datafield tag="040" ind1=" " ind2=" ">
    <subfield code="a">BR-BrBNA</subfield>
    <subfield code="b">eng</subfield>
  </datafield>
  <datafield tag="072" ind1=" " ind2=" ">
    <subfield code="a">E16</subfield>
    <subfield code="b">0120</subfield>
  </datafield>
  <datafield tag="100" ind1=" " ind2=" ">
    <subfield code="a">Mendon&#xE7;a, Gabriela Geraldi </subfield>
  </datafield>
  <datafield tag="100" ind1=" " ind2=" ">
    <subfield code="a">Simili, Fl&#xE1;via Fernanda </subfield>
  </datafield>
  <datafield tag="100" ind1=" " ind2=" ">
    <subfield code="a">Augusto, Jeferson Garcia </subfield>
  </datafield>
  <datafield tag="100" ind1=" " ind2=" ">
    <subfield code="a">Bonacim, Pedro Mielli </subfield>
  </datafield>
  <datafield tag="100" ind1=" " ind2=" ">
    <subfield code="a">Menegatto, Leonardo Sartori </subfield>
  </datafield>
  <datafield tag="100" ind1=" " ind2=" ">
    <subfield code="a">Gameiro, Augusto Hauber </subfield>
  </datafield>
  <datafield tag="245" ind1=" " ind2=" ">
    <subfield code="a">Economic gains from croplivestock integration in relation to conventional systems </subfield>
  </datafield>
  <datafield tag="500" ind1=" " ind2=" ">
    <subfield code="a">Publica&#xE7;&#xE3;o on-line; 21 ref.; 8 tables; Sumaries (En)</subfield>
  </datafield>
  <datafield tag="520" ind1=" " ind2=" ">
    <subfield code="a">

ABSTRACT - The objective with this study was to calculate the total cost of maize production and beef cattle in permanent pasture activities in separate production systems (conventional) and integrated systems (maize production plus beef cattle), as well as to verify economic gains explained by the economy of scope. The first step for the development of the research was to obtain field experimental data. Six experimental treatments were studied: corn grain production, beef cattle in permanent pasture, and four integrated systems based on different crop and pasture sowings. The second step consisted in the collection, calculation, and allocation of variable and fixed costs to estimate costs of production in the systems. The crop-livestock integration showed economic gains in relation to conventional systems, which can be explained by the dilution of fixed costs and the presence of shareable inputs, resulting in economy of scope. It was also possible to demonstrate that total unit costs of both crop and livestock were lower in crop-livestock integration, showing that integrated systems resulted in economic benefits as compared with conventional ones.

Keywords: economic analysis, economy of scope, integrated systems</subfield>
  </datafield>
  <datafield tag="650" ind1=" " ind2=" ">
    <subfield code="a">LAVOURA</subfield>
  </datafield>
  <datafield tag="650" ind1=" " ind2=" ">
    <subfield code="a">PECU&#xC1;RIA</subfield>
  </datafield>
  <datafield tag="650" ind1=" " ind2=" ">
    <subfield code="a">INTEGRA&#xC7;&#xC3;O</subfield>
  </datafield>
  <datafield tag="650" ind1=" " ind2=" ">
    <subfield code="a">MILHO</subfield>
  </datafield>
  <datafield tag="650" ind1=" " ind2=" ">
    <subfield code="a">AN&#xC1;LISE ECON&#xD4;MICA</subfield>
  </datafield>
  <datafield tag="650" ind1=" " ind2=" ">
    <subfield code="a">RENDIMENTO</subfield>
  </datafield>
  <datafield tag="773" ind1="0" ind2=" ">
    <subfield code="0">3545</subfield>
    <subfield code="9">317600</subfield>
    <subfield code="d">Vi&#xE7;osa-MG Sociedade Brasileira de Zootecnia  1997</subfield>
    <subfield code="o">2024-4310</subfield>
    <subfield code="t">Revista Brasileira de Zootecnia (Brazil)</subfield>
    <subfield code="x">1516-3598</subfield>
    <subfield code="g">v. 49 p. 1-11 ; (2020)</subfield>
    <subfield code="w">BR2024005030</subfield>
  </datafield>
  <datafield tag="856" ind1=" " ind2=" ">
    <subfield code="u">https://www.scielo.br/j/rbz/a/7569v7wqCthKjjb7cSFFVFf/?format=pdf&amp;lang=en</subfield>
  </datafield>
  <datafield tag="942" ind1=" " ind2=" ">
    <subfield code="c">ANA</subfield>
  </datafield>
  <datafield tag="999" ind1=" " ind2=" ">
    <subfield code="c">330731</subfield>
    <subfield code="d">330731</subfield>
  </datafield>
</record>
